| 000 | 01376nam a22003737a 4500 | ||
|---|---|---|---|
| 003 | CHAP | ||
| 005 | 20220329143659.0 | ||
| 008 | 110113s2009 mx a r 00010 spa d | ||
| 010 | _a100238 | ||
| 011 | _a101210 | ||
| 020 | _a9789703249442 | ||
| 035 | _a111897 | ||
| 040 | _cCHAP | ||
| 082 | 0 | 4 |
_a636.089 _bC33 |
| 100 | 1 |
_aCervantes Sánchez, Juan Manuel. _921623 |
|
| 245 | 1 | 3 |
_aLa medicina veterinaria Mexicana (1853-1985) vista desde sus instituciones _c/por Juan Manuel Cervantes Sánchez, Cristián López Montelongo y Ana María Román de Carlos |
| 260 |
_aMéxico, D.F. : _bUNAM.,Facultad de Medicina Veterinaria y Zootecnia _c2009 |
||
| 300 |
_a202 p. : _bilus. |
||
| 590 |
_aBATCH-UPD _b10 _c20130110 _lUCH01 _h1237 |
||
| 590 |
_aBATCH-UPD _b10 _c20130410 _lUCH01 _h0805 |
||
| 590 |
_aBATCH-UPD _b10 _c20130914 _lUCH01 _h0917 |
||
| 590 |
_aCONVERSION _b10 _c20130109 _lUCH01 _h1355 |
||
| 650 | 1 | 4 |
_aInstituciones científicas. _958974 |
| 650 | 1 | 4 |
_aVeterinaria _xHistoria. _9118997 |
| 650 | 1 | 4 |
_aVeterinaria _xInvestigación. _9118998 |
| 650 | 1 | 4 |
_aVeterinaria _xMedicamentos. _9119002 |
| 650 | 1 | 4 |
_aVeterinarios. _9119013 |
| 700 | 1 |
_aLópez Montelongo Cristian. _968137 |
|
| 700 | 1 |
_aRomán de Carlos, Ana María. _999733 |
|
| 901 | _aBK | ||
| 911 | _aen proceso | ||
| 942 | _cLIBRO | ||
| 949 |
_a636.089 C33 _bBC _cLIBRO _d33724002229819 _eLIBRO _h113998 _i111897 _sb |
||
| 999 |
_c100238 _d100238 |
||